Estatísticas para Os Países Com Maior PIB

Clique aqui para jogar o quiz

Estatísticas Gerais

  • Esse quiz foi jogado 227 vezes
  • A pontuação média é 42 de 50

Estatísticas das Respostas

HintResposta% Correto
14,722,801China
100%
20,893,746EUA
100%
1,444,733Brasil
99%
2,630,318França
98%
5,057,759Japão
98%
3,846,414Alemanha
97%
383,067Argentina
97%
1,644,037Canadá
97%
1,888,709Itália
96%
2,764,198Reino Unido
96%
1,483,498Russia
96%
1,281,485Espanha
95%
1,073,439México
95%
1,423,473Austrália
94%
2,664,749Índia
94%
302,141África do Sul
91%
1,637,896Coreia do Sul
91%
369,309Egito
89%
228,539Portugal
89%
541,064Suécia
89%
700,118Arábia Saudita
88%
252,940Chile
88%
212,044Nova Zelandia
88%
362,522Noruega
87%
596,618Polônia
87%
752,248Suíça
87%
269,751Finlandia
86%
1,058,424Indonésia
86%
720,098Turquia
85%
271,347Colômbia
84%
939,316Irã
84%
913,865Países Baixos
81%
356,085Dinamarca
80%
521,861Bélgica
78%
203,196Peru
78%
501,795Tailândia
77%
358,869Emirados Árabes Unidos
74%
433,258Áustria
73%
407,101Israel
73%
429,899Nigéria
73%
257,829Paquistão
73%
425,889Irlanda
71%
339,988Singapura
65%
271,158vietnã
64%
669,324Taiwan
63%
336,664Malásia
59%
245,349Republica Checa
59%
361,489Filipinas
57%
248,716Romênia
56%
329,484Bangladesh
49%

Distribuição das Pontuações

Percentil de Números Respondidos

Porcentagem de Pessoas com Cada Pontuação

Sua Pontuação Histórica

Você não jogou esse quiz